Freud y los no Europeos
Guardat en:
| Autor principal: | |
|---|---|
| Format: | Llibre |
| Idioma: | espanyol |
| Publicat: |
Barcelona
Global Rhythm Press
2006
|
| Edició: | 1a. ed |
| Matèries: | |
| Etiquetes: |
Afegir etiqueta
Sense etiquetes, Sigues el primer a etiquetar aquest registre!
|
MARC
| LEADER | 00000nam a2200000 a 4500 | ||
|---|---|---|---|
| 001 | UCI0712 | ||
| 003 | CL-VaPUC | ||
| 008 | 070525e20060000SP |||||||||||||||||spa|d | ||
| 020 | |a 8493421367 | ||
| 082 | 0 | 4 | |a 921.3 |b SAI |2 21 |
| 100 | 0 | |a Said, Edward W |e author |9 520895 | |
| 245 | 1 | 0 | |a Freud y los no Europeos |
| 250 | |a 1a. ed | ||
| 300 | |a 110 p | ||
| 942 | |c BK | ||
| 945 | |d 20070525 00:00:00 |a jtorresc | ||
| 260 | |a Barcelona |b Global Rhythm Press |c 2006 | ||
| 600 | 0 | |a Freud, Sigmund |e author |9 307892 | |
| 650 | 7 | |a BIOGRAFIA |2 CL-VaPUC |9 504622 | |
| 650 | 0 | |a Filosofía austriaca |9 267034 | |
| 583 | |a last modification |c 20140404 06:43:09 |k Rodrigo Vera | ||
| 999 | |c 325768 |d 325766 | ||
| 952 | |0 0 |1 0 |4 0 |6 921_300000000000000_SAI_2006 |7 0 |8 A |9 407094 |a BIBHIS |b BIBHIS |d 2019-11-22 |i 4290704 |o 921.3 SAI 2006 |p 4290704 |r 2025-01-20 |w 2019-11-22 |y BK |k HIS | ||